00625nam a2200157Ia 4500008004100000020001800041050001900059100002600078245010100104250000800205260004000213300001100253650009000264952009600354999001700450120626s9999 xx 000 0 und d a84-234-1871-5 aHF5686.C8 B556 aBLANCO IBARRA, Felipe aEjercicios resueltos de contabilidad de costes y analítica de gestión / Felipe Blanco Ibarra a7a. aBilbao; España; México : Deusto a393 p. a1. CONTABILIDAD DE COSTOS 2. GESTIÓN DE NEGOCIOS -- PROBLEMAS, EJERCICIOS, ETC.Ì 00104070a09b09d2007-01-23l0oHF5686.C8 B556p09 000296r2012-06-26t1w2012-06-26yLB c63627d63627